01706nam a2200313 a 450000100100000000500170001000800410002702000150006804000250008308200230010810000450013124500850017626000340026130000210029549000690031649000280038550000630041350400320047659000260050865000730053465100610060771000510066883001010071991000370082095201970085795201940105495201270124899900170137500002668320240307073947.0101012s1984 dr 001 0 spa d a848400208X aDO-SdBNPbspacBNPHU a322.1097293bP438i1 aPérez Memén, Fernando,d1943-93874413aLa iglesia y el Estado en Santo Domingo (1700-1853) /cFernando Pérez Memén. aSanto Domingo :bUASD,c1984. a706 p. ;c22 cm.1 aPublicaciones de la Universidad Autónoma de Santo Domingov3301 aHistoria y sociedadv61 aIncluye datos biográficos del autor en la contracubierta aBibliografía : p. 683-704 aInventariado, 2018/BT 4aIglesia y estadoxHistoriazRepública Dominicanay1700-1853946342 4aLa Española (Isla{Rpara}xHistoria Eclesiastica9463431 aUniversidad Autónoma de Santo Domingo972951 0aPublicaciones de la Universidad Autónoma de Santo Domingov330pHistoria y sociedadn61953799 aValidado. Control de calidad MFF 001054708DSaGRbGRcHDd2019-03-04iLF1l0o322.1097293 P438ip26683-30r2020-06-25te. 3w2020-06-25yLFDSzPerteneció a la biblioteca personal de Pedro Luis Bisono.ZPréstamo en sala 0010718PDaPDbPDcHDd2011-03-24iLF1l0o322.1097293 P438ip26683-10r2020-06-25w2020-06-25yLFPDzPerteneció a la biblioteca personal de Aída Cartagena Portalatín.ZNo se presta 0011718PDaPDbPDcMId2018-05-18iLF1l0o322.1097293 P438ip26683-20r2020-06-25te. 2w2020-06-25yLFPDZNo se presta c26175d26175